| 000 | 01024nam a2200193Ia 4500 | ||
|---|---|---|---|
| 999 |
_c38324 _d38324 |
||
| 001 | 4334 | ||
| 003 | GE_BSU | ||
| 005 | 20191009121842.0 | ||
| 008 | 181216s1981||||ge |||||||||||||| ||geo|| | ||
| 040 | _cGE_BSU | ||
| 041 | _ageo | ||
| 080 | _a821.353.1–91–1 ქ–27 | ||
| 245 |
_aქართული ხალხური პოეზია : _bტ. 9. საყოფაცხოვრებო ლექსები / _cტომი შეადგინეს, ვარიანტების და შენიშვნები დაურთეს ჯ. ბარდაველიძემ და აპ. ცანავამ; მთ. რედ. მ. ჩიქოვანი. |
||
| 264 |
_aთბილისი : _bმეცნიერება, _c1981. |
||
| 300 |
_a605 გვ. ; _b22 სმ. |
||
| 501 | _aლექსიკონი: გვ. 530-551. - საძიებლები: გვ. 552-585. | ||
| 653 | _aქართული ხალხური პოეზია | ||
| 942 |
_cBK _2udc |
||